书目信息 |
| 题名: |
影子中的女人
|
|
| 作者: | 瓦肖 , 洛朗·瓦肖 著 ;顾晓燕 译 | |
| 分册: | ||
| 出版信息: | 北京 新星出版社 2009.04 |
|
| 页数: | 168页 | |
| 开本: | 21cm | |
| 丛书名: | ||
| 单 册: | ||
| 中图分类: | I565.45 | |
| 科图分类: | ||
| 主题词: | 长篇小说--法国--现代 , 长篇小说 | |
| 电子资源: | ||
| ISBN: | 978-7-80225-666-8 | |
| 000 | 00940nam0 2200277 450 | |
| 001 | 1240166062 | |
| 005 | 20120109110957.84 | |
| 010 | @a978-7-80225-666-8@dCNY18.00 | |
| 090 | @aI565.45@bwx | |
| 096 | @aI565.45@bwx | |
| 100 | @a20091221d2009 em y0chiy50 ea | |
| 101 | 1 | @achi@cfre |
| 102 | @aCN@b110000 | |
| 105 | @ay z 000ay | |
| 200 | 1 | @a影子中的女人@b专著@dLes femmes de I'ombre@f(法)洛朗·瓦肖(Laurent Vachaud)著@F(fa)luo lang·wa xiao(Laurent Vachaud)zhu@g顾晓燕译@zfre@9ying zi zhong de nv ren |
| 210 | @a北京@c新星出版社@d2009.04 | |
| 215 | @a168页@d21cm | |
| 510 | 1 | @aLes femmes de l'ombre@zfre |
| 606 | 0 | @a长篇小说@y法国@z现代 |
| 606 | 0 | @a长篇小说 |
| 690 | @aI565.45@v4 | |
| 701 | 0 | @c(法)@a瓦肖@c(Vachaud, Laurent)@4著@9wa xiao |
| 701 | 0 | @a洛朗·瓦肖@Aluo lang·wa xiao@bLaurentVachaud@4著 |
| 702 | 0 | @a顾晓燕@f(1980~)@4译@9gu xiao yan |
| 801 | 0 | @aCN@b110017@c20090604 |
| 905 | @aZUCC@dI565.45@eW015 | |
| 影子中的女人=Les femmes de I'ombre/(法)洛朗·瓦肖(Laurent Vachaud)著/顾晓燕译.-北京:新星出版社,2009.04 |
| 168页;21cm |
| ISBN 978-7-80225-666-8:CNY18.00 |
| ● |
| 相关链接 |
|
|
|
正题名:影子中的女人
索取号:I565.45/W015
 
预约/预借
| 序号 | 登录号 | 条形码 | 馆藏地/架位号 | 状态 | 备注 |
| 1 | 481434 | 204814344 | 社科二线422/422社科库 29排2列3层/ [索取号:I565.45/W015] | 在馆 | |
| 2 | 481435 | 204814353 | 社科二线422/422社科库 29排2列3层/ [索取号:I565.45/W015] | 在馆 | |
| 3 | 481436 | 204814362 | 文学库116/116文学库 24排4列6层/ [索取号:I565.45/W015] | 在馆 |